000 00996nam a2200289 i 4500
003 CO-BoRNBP
005 20220316235552.0
007 ta
008 121119s2002 ck gr 000 0 spa
020 _a9588159237
040 _aCO-BoRNBP
_bspa
_erda
_cCO-BoRNBP
041 0 _aspa
082 0 4 _a927.861
_bZ16g
_223
100 1 _aGarcés González, José Luis
_eautor
245 1 0 _aManuel Zapata Olivella
_bcaminante de la literatura y de la historia
_cJosé Luis Garcés González
250 _aPrimera edición
264 1 _aBogotá, Colombia
_bMinisterio de Cultura
_c2002
300 _a151 páginas
_c21 cm
336 _atexto
_btxt
_2rdacontent
337 _asin mediación
_bn
_2rdamedia
338 _avolumen
_bnc
_2rdacarrier
490 0 _aHistoria
600 1 4 _aZapata Olivella, Manuel
_d1920-2004
_xCritica e interpretación
_9206190
650 1 7 _aLiteratura colombiana
_xHistoria y critica
_2ARMARC
650 1 7 _aAutores colombianos
_xCritica e interpretación
_2ARMARC
942 _2ddc
_cBKLIT
999 _c1391
_d1391